Statistics for Random US States by Borders

Click here to take the quiz!

General Stats

  • This quiz has been taken 468 times
  • The average score is 8 of 10

Answer Stats

Bordering StatesState% Correct
Arizona | Colorado | Oklahoma | Texas | UtahNew Mexico
100%
Indiana | Ohio | WisconsinMichigan
97%
Illinois | Iowa | Michigan | MinnesotaWisconsin
94%
California | Colorado | Nevada | New Mexico | UtahArizona
92%
Arkansas | Louisiana | New Mexico | OklahomaTexas
92%
Massachusetts | New Hampshire | New YorkVermont
91%
Arkansas | Mississippi | TexasLouisiana
90%
Connecticut | MassachusettsRhode Island
89%
Georgia | North CarolinaSouth Carolina
89%
Alabama | GeorgiaFlorida
88%
New HampshireMaine
88%
Minnesota | Montana | South DakotaNorth Dakota
88%
Idaho | OregonWashington
88%
Arizona | Nevada | OregonCalifornia
87%
Connecticut | Massachusetts | New Jersey | Pennsylvania | VermontNew York
86%
Idaho | North Dakota | South Dakota | WyomingMontana
84%
Florida | Georgia | Mississippi | TennesseeAlabama
83%
Massachusetts | New York | Rhode IslandConnecticut
83%
Montana | Nevada | Oregon | Utah | Washington | WyomingIdaho
83%
Kentucky | Maryland | North Carolina | Tennessee | West VirginiaVirginia
83%
Maryland | New Jersey | PennsylvaniaDelaware
81%
Alabama | Florida | North Carolina | South Carolina | TennesseeGeorgia
81%
Maine | Massachusetts | VermontNew Hampshire
81%
Iowa | Minnesota | Montana | Nebraska | North Dakota | WyomingSouth Dakota
81%
Kentucky | Maryland | Ohio | Pennsylvania | VirginiaWest Virginia
81%
Delaware | Maryland | New Jersey | New York | Ohio | West VirginiaPennsylvania
80%
Arizona | California | Idaho | Oregon | UtahNevada
79%
Delaware | New York | PennsylvaniaNew Jersey
79%
Alabama | Arkansas | Georgia | Kentucky | Mississippi | Missouri | North Carolina | VirginiaTennessee
79%
Connecticut | New Hampshire | New York | Rhode Island | VermontMassachusetts
78%
Colorado | Iowa | Kansas | Missouri | South Dakota | WyomingNebraska
77%
Indiana | Kentucky | Michigan | Pennsylvania | West VirginiaOhio
77%
Indiana | Iowa | Kentucky | Missouri | WisconsinIllinois
76%
Iowa | North Dakota | South Dakota | WisconsinMinnesota
76%
Illinois | Kentucky | Michigan | OhioIndiana
75%
Georgia | South Carolina | Tennessee | VirginiaNorth Carolina
75%
Illinois | Minnesota | Missouri | Nebraska | South Dakota | WisconsinIowa
74%
Colorado | Missouri | Nebraska | OklahomaKansas
74%
California | Idaho | Nevada | WashingtonOregon
72%
Colorado | Idaho | Montana | Nebraska | South Dakota | UtahWyoming
72%
Delaware | Pennsylvania | Virginia | West VirginiaMaryland
70%
Arizona | Kansas | Nebraska | New Mexico | Oklahoma | Utah | WyomingColorado
69%
Arizona | Colorado | Idaho | Nevada | New Mexico | WyomingUtah
68%
Alabama | Arkansas | Louisiana | TennesseeMississippi
67%
Arkansas | Illinois | Iowa | Kansas | Kentucky | Nebraska | Oklahoma | TennesseeMissouri
67%
Louisiana | Mississippi | Missouri | Oklahoma | Tennessee | TexasArkansas
65%
Illinois | Indiana | Missouri | Ohio | Tennessee | Virginia | West VirginiaKentucky
61%
Arkansas | Colorado | Kansas | Missouri | New Mexico | TexasOklahoma
59%

Score Distribution

Percentile by Number Answered

Percent of People with Each Score

Your Score History

You have not taken this quiz